NBC Must See TV Shows - Statistics

General Stats
  • This quiz has been taken 57 times
  • The average score is 14 of 87
Answer Stats
Years Aired Show Title % Correct
1982-1993 Cheers
88%
1994-2004 Friends
88%
Spring 1991; 1992-1998 Seinfeld
72%
1993-1994; 1998-2000 Frasier
68%
Spring 1999; 2000-2006 Will & Grace
64%
2005-2013 The Office
60%
1994-2009 ER
56%
Spring 2009-2014 Parks and Recreation
56%
2006-2013 30 Rock
52%
1984-1992 The Cosby Show
52%
1983-1987 Family Ties
48%
Autumn 1990 Law & Order
44%
1987-1993 A Different World
36%
1986-1994 L.A. Law
36%
1984-1988 Night Court
36%
1995-1996 Caroline in the City
32%
2004-Autumn 2005 Joey
32%
1993-1995 Mad About You
32%
Spring 1990-1994 Wings
32%
2009-2014 Community
28%
2002-2004; 2006-2008 Scrubs
28%
1997-1998; 2000-2002 Just Shoot Me!
24%
1996-1997 Suddenly Susan
24%
Autumn 1982 Taxi
24%
1982-Autumn 1986 Hill Street Blues
20%
1995-Autumn 1996 The Single Guy
20%
1997-1999 Veronica’s Closet
20%
Sping 1996 Boston Common
16%
1998-2000 Jesse
16%
1988-Autumn 1989 Dear John
12%
Spring 1997 Fired Up
12%
2002-Autumn 2003 Good Morning, Miami
12%
Autumn 1983 Mama’s Family
12%
2005-2009 My Name Is Earl
12%
2013-2014 Parenthood
12%
2003-Autumn 2005; Autumn 2010 The Apprentice
12%
1996-1997 The Naked Truth
12%
Spring 2012-Autumn 2012 Up All Night
12%
Autumn 2003 Coupling
8%
1982-1984 Gimme a Break!
8%
1989-Autumn 1990 Grand
8%
1993-1994 Homicide: Life on the Street
8%
2008-2009 Kath & Kim
8%
1994-1995 Madman of the People
8%
1999-2000 Stark Raving Mad
8%
2013-2014 The Michael J. Fox Show
8%
Spring 2000 Battery Park
4%
1983-1984 Buffalo Bill
4%
2000-2001 Cursed
4%
Spring 2000 Daddio
4%
Spring 2013 Go On
4%
Spring 2013 Hannibal
4%
Spring 1995 Hope & Gloria
4%
Autumn 2001 Inside Schwartz
4%
2001-2002 Leap of Faith
4%
Spring 1987 Nothing in Common
4%
Autumn 1992 Rhythm & Blues
4%
2009-2010 The Jay Leno Show
4%
Spring 2011 The Paul Reiser Show
4%
Autumn 1997 Union Square
4%
Autumn 2013 Welcome to the Family
4%
Autumn 2011 Whitney
4%
Spring 2013 1600 Penn
0%
Spring 1986 All Is Forgiven
0%
Spring 2007 Andy Barker, P.I.
0%
Spring 2012 Awake
0%
Spring 1993 Crime & Punishment
0%
Autumn 2006 Deal or No Deal
0%
Spring 2013 Do No Harm
0%
1982-1983 Fame
0%
2005-2006 Four Kings
0%
2013-2014 Hollywood Game Night
0%
2007-2008 Lipstick Jungle
0%
Autumn 1992 Out All Night
0%
2010-2011 Outsourced
0%
2010-2011 Perfect Couples
0%
Autumn 2011 Prime Suspect
0%
Autumn 2012 Rock Center with Brian Williams
0%
2013-2014 Sean Saves the World
0%
Autumn 2008; Autumn 2009; Autumn 2012 SNL Wekend Update Thursday
0%
Spring 2009 Southland
0%
2007-2008 The Celebrity Apprentice
0%
Spring 1988 The Days and Nights of Molly Dodd
0%
Spring 1984 The Duck Factory
0%
Spring 2012 The Firm
0%
Spring 2010 The Marriage Ref
0%
Autumn 1983 We Got It Made
0%
No matching quizzes found
Score Distribution
Percent of People with Each Score
Percentile by Number Answered
Your Score History
You have not taken this quiz